Песни ДДТ - Армагеддон - Statistics

General Stats
  • This quiz has been taken 38 times
  • The average score is 9 of 16
Answers on the Grid
Answers color-coded by a green-red scale on the quiz's grid according to % correct below.
Кони привередливые
Я получил эту роль
Время колокольчиков
Белая река
Кончится лето
Сказочная тайга
Ты не один
Что такое осень
Ночь Людмила
Экспериментатор
Актриса Весна
Школа жизни
Дождь
Уездный город N
Четыре окна
Белая ночь
Прощальное письмо
Это всё
Ночная пьеса
Рок-н-ролл мёртв
Этот город
Рождённый в СССР
Просвистела
Следы на снегу
Мама, приезжай и меня забери
Весёлый ансамбль
Агидель
Родина
Ветер
Вечная молодость
 
Answer Stats
Answer % Correct
Что такое осень
94%
Родина
85%
Дождь
74%
Просвистела
74%
Это всё
71%
Рождённый в СССР
68%
Белая река
65%
Актриса Весна
62%
Я получил эту роль
59%
Ты не один
53%
Ночь Людмила
50%
Ветер
50%
Агидель
41%
Белая ночь
35%
Четыре окна
29%
Ночная пьеса
21%
No matching quizzes found
Score Distribution
Percent of People with Each Score
Percentile by Number Answered
Your Score History
You have not taken this quiz